Statistics for Name the 10 countries that border Brazil

Click here to take the quiz!

General Stats

  • This quiz has been taken 42 times
  • The average score is 9 of 10

Answer Stats

Answer % Correct
Argentina
100%
Bolivia
100%
Peru
100%
Uruguay
100%
Paraguay
98%
Suriname
95%
Venezuela
95%
Colombia
93%
Guyana
93%
French Guiana
62%

Score Distribution

Percentile by Number Answered

Percent of People with Each Score

Your Score History

You have not taken this quiz